00357nam a2200157Ia 4500003000900000005001700009008004100026040001300067040001300080245005400093245001100147250001200158260001500170300000800185490000600193IT-RoPAU20220918175341.0120407s9999 xx 000 0 und d aIT-RoPAU cIT-RoPAU aLiturgia della settimana santa e ottava di Pasqua cAA.VV. aTorino  aElle Di Ci c cm v1